000 00422nam a2200157 i 4500
001 77090
003 ES-MaACL
005 20230906173101.0
007 t|
008 041006s1926 sp ||||1| spa d
100 1 _aGuzmán, Eugenio.
_961286
245 1 3 _aEl Quijote y los libros de caballerias /
_cEugenio Guzmán.
260 _aBarcelona :
_bMaucci,
_c[1926]
300 _a190 p. ;
_c19 cm.
852 _aES-MaACL
_jF-2382
999 _c77090
_d77090